Most played "Most populous countries" quizes - Statistics

General Stats
  • This quiz has been taken 17 times
  • The average score is 5 of 16
Answer Stats
Times Taken Category % Correct
13,771 American
80%
17,785 Asian
80%
29,314 European
80%
17,828 African
73%
10,270 that Speak a Germanic Language
47%
52,579 in 1900
33%
57,480 in 2050
33%
12,058 that Speak a Romance Language
33%
13,606 in 1800
20%
91,966 A-Z
13%
14,557 by year
13%
9,208 Bordering each other
7%
12,091 Ending in "IA"
7%
16,524 in 1950
7%
13,654 with exceptions
7%
11,401 as a Percent of Their Continent
0%
No matching quizzes found
Score Distribution
Percent of People with Each Score
Percentile by Number Answered
Your Score History
You have not taken this quiz